[Event "Challenge"]
[Site "http://www.queenalice.com/game.php?id=1215873"]
[Date "2013.9.10"]
[Round "-"]
[White "jeancarlo1910"]
[Black "armandosf"]
[Result "1-0"]
[WhiteElo "1997"]
[BlackElo "1941"]

1. Nf3 d5 2. d4 g6 3. Nc3 Bg7 4. Bg5 a6 5. e3 b6 6. Bd3 Bb7 7. O-O c6 8. Re1 Nd7
9. Ne2 b5 10. c3 Ra7 11. h3 a5 12. Ng3 Ba8 13. e4 b4 14. e5 Nf8 15. c4 a4 16. c5
Qd7 17. b3 a3 18. Qd2 Qb7 19. Re2 h6 20. Be3 Kd8 21. Nh2 e6 22. f4 f6 23. Rf1 f5
24. Qe1 Rh7 25. Nf3 Bh8 26. Bd2 1-0

[Event "Challenge"]
[Site "http://www.queenalice.com/game.php?id=1217634"]
[Date "2013.9.17"]
[Round "-"]
[White "armandosf"]
[Black "Vladimir"]
[Result "1-0"]
[WhiteElo "1802"]
[BlackElo "1820"]

1. Nf3 d5 2. g3 Nc6 3. Bg2 e5 4. c3 e4 5. Ng1 Nf6 6. d4 exd3 7. Qxd3 Be6 8. Qb5
a6 9. Qd3 g6 10. e3 Bg7 11. Ne2 O-O 12. O-O Ne5 13. Qd4 Nc6 14. Qh4 Ne5 15. Nf4
Neg4 16. Nxe6 fxe6 17. a3 Bh6 18. h3 g5 19. Qxg4 Nxg4 20. hxg4 Bg7 21. Ra2 Be5
22. b3 Rf6 23. Rd2 c6 24. Rd3 Qf8 25. a4 b5 26. Ba3 Bd6 27. Bb2 bxa4 28. bxa4
Rb8 29. Rd2 e5 30. e4 Bc5 31. exd5 Rd6 32. c4 Rb4 33. Bxe5 Rh6 34. dxc6 Rxc4 35.
Bd5+ Qf7 36. c7 Bxf2+ 37. Rdxf2 1-0

[Event "Challenge"]
[Site "http://www.queenalice.com/game.php?id=1233728"]
[Date "2013.11.20"]
[Round "-"]
[White "armandosf"]
[Black "AlekinePb"]
[Result "1-0"]
[WhiteElo "1636"]
[BlackElo "1942"]

1. e4 e6 2. b3 d5 3. e5 c5 4. Nf3 Nc6 5. Bb2 Nge7 6. Bb5 a6 7. Bxc6+ bxc6 8. O-O
a5 9. d3 Ba6 10. Qd2 c4 11. Rd1 Qc7 12. Ne1 g6 13. d4 Bg7 14. Bc3 Rc8 15. Nf3
O-O 16. Bxa5 Qb7 17. b4 f6 18. Nc3 fxe5 19. dxe5 c5 20. Rab1 Qc6 21. b5 Bxb5 22.
Nxb5 Rb8 23. Nd6 Nf5 24. Nxf5 gxf5 25. Qc1 d4 26. Bd2 Qc7 27. Bh6 Rxb1 28. Qxb1
Rb8 29. Qc1 Bxe5 30. Re1 Bf6 31. Rxe6 Kf7 32. Re1 Qd7 33. h3 Re8 34. h4 Re4 35.
Ng5+ Bxg5 36. Bxg5 Qe6 37. Rxe4 fxe4 38. Qf4+ Kg6 39. g4 d3 40. cxd3 exd3 41.
h5+ Kg7 42. h6+ Kg6 43. Bh4 c3 44. Qg5+ Kf7 45. Qg7+ Ke8 46. Qxc3 Qxg4+ 47. Bg3
Qe2 48. Qh8+ Kd7 49. Qxh7+ Kc6 50. Qc7+ Kb5 51. Qb7+ Kc4 52. Qb3+ Kd4 53. h7
Qe1+ 54. Kh2 Qe8 55. Qb2+ Ke4 56. h8=Q Qxh8+ 57. Qxh8 d2 58. Qe5+ Kd3 59. Qe3+
Kc2 60. Qxc5+ Kb1 61. Qb4+ Kc1 62. Bf4 Kc2 63. Qxd2+ Kb1 64. a4 Ka1 65. Be5+ 1-0

[Event "Challenge"]
[Site "http://www.queenalice.com/game.php?id=1234267"]
[Date "2013.11.21"]
[Round "-"]
[White "Vladimir"]
[Black "armandosf"]
[Result "0-1"]
[WhiteElo "1882"]
[BlackElo "1715"]

1. d4 d5 2. c4 dxc4 3. e4 b5 4. Nc3 Ba6 5. a3 g6 6. Nf3 Bg7 7. g3 c6 8. e5 h6 9.
Bg2 Qd7 10. O-O e6 11. Bf4 Ne7 12. Qd2 O-O 13. Bxh6 Nf5 14. Bxg7 Kxg7 15. Ng5
Nxd4 16. Rad1 Qe7 17. Nge4 Bb7 18. Qxd4 Na6 19. Nf6 Rh8 20. Qg4 Nc5 21. Nce4 Nd3
22. f4 c5 23. Rd2 Bd5 24. Nd6 Bxg2 25. Kxg2 a6 26. h4 Rab8 27. h5 Rh6 28. Re2
Rbh8 29. f5 Nxe5 30. Rxe5 Qxd6 31. Qf4 gxf5 32. Qg5+ Kf8 33. Qe3 Rxf6 34. Rxc5
Rxh5 35. Rc8+ Kg7 36. Qc3 Qd5+ 37. Rf3 Qd1 38. g4 Qh1+ 39. Kf2 Rh2+ 40. Ke3 Qg1+
41. Kf4 Qxg4+ 42. Ke5 Qe4+ 43. Kd6 e5+ 44. Kd7 Qd5+ 0-1

[Event "Challenge"]
[Site "http://www.queenalice.com/game.php?id=1239699"]
[Date "2013.12.12"]
[Round "-"]
[White "AlekinePb"]
[Black "armandosf"]
[Result "1-0"]
[WhiteElo "1937"]
[BlackElo "1650"]

1. d4 Nf6 2. c4 b6 3. Nf3 h6 4. Nc3 e6 5. Bf4 a6 6. e4 Bb7 7. Bd3 Be7 8. d5 exd5
9. exd5 d6 10. O-O Nbd7 11. b4 O-O 12. Re1 Re8 13. Nd4 Bf8 14. Qd2 Nh5 15. Be3
Ne5 16. Be2 Qh4 17. Nf3 Nxf3+ 18. Bxf3 Re5 19. Bd4 Rxe1+ 20. Rxe1 Be7 21. Bxh5
Bg5 22. Qe2 Qxd4 23. Nd1 Bd2 24. Qe4 Qf6 25. Re2 Bxb4 26. h3 a5 27. Ne3 Qa1+ 28.
Kh2 Rf8 29. Nf5 Bc3 30. Qg4 Bf6 31. Nxh6+ Kh7 32. Nxf7 Kg8 33. Bg6 Be5+ 34. Nxe5
dxe5 35. Qe6+ Kh8 36. Re4 Qd4 37. Rxd4 exd4 38. Qg4 Rxf2 39. Qh4+ Kg8 40. Qxf2
Bxd5 41. cxd5 c5 42. Qf7+ Kh8 43. Qf8# 1-0

[Event "Challenge"]
[Site "http://www.queenalice.com/game.php?id=1239700"]
[Date "2013.12.12"]
[Round "-"]
[White "armandosf"]
[Black "AlekinePb"]
[Result "0-1"]
[WhiteElo "1771"]
[BlackElo "1922"]

1. e4 e6 2. Nf3 d5 3. e5 c5 4. c3 Nc6 5. Bb5 Qb6 6. c4 a6 7. Qa4 Bd7 8. Bxc6
Bxc6 9. Qa3 d4 10. O-O Ne7 11. Qd3 Ng6 12. Qe2 Be7 13. d3 O-O 14. b3 a5 15. Bg5
Bxg5 16. Nxg5 h6 17. Nh3 a4 18. Nd2 Qc7 19. Rfb1 Nxe5 20. b4 cxb4 21. Rxb4 Nd7
22. Ne4 f5 23. Nd2 e5 24. Re1 Qd6 25. a3 Nc5 26. Reb1 e4 27. dxe4 fxe4 28. Qg4
Nd3 29. Nxe4 Qe5 30. f3 Nxb4 31. Rxb4 d3 32. Nhf2 Qa1+ 33. Nd1 Qxd1+ 34. Kf2
Qe2+ 35. Kg3 Bxe4 36. Qxe4 Qxe4 37. fxe4 d2 38. Rb1 Rac8 39. Rd1 Rfd8 40. Kf2
Rxc4 41. g3 Rxe4 42. h3 Re1 43. Rxe1 dxe1=Q+ 44. Kxe1 Rd3 45. Ke2 Rxa3 46. Kf2
Rc3 47. h4 a3 48. g4 a2 49. g5 a1=Q 50. g6 Qb2+ 51. Kg1 Rc1# 0-1

[Event "Challenge"]
[Site "http://www.queenalice.com/game.php?id=1247024"]
[Date "2014.1.10"]
[Round "-"]
[White "armandosf"]
[Black "eloy"]
[Result "1-0"]
[WhiteElo "1711"]
[BlackElo "1730"]

1. Nc3 e5 2. b3 Bc5 3. e3 Nf6 4. Be2 Nc6 5. a3 d5 6. Bb5 e4 7. Bxc6+ bxc6 8. d3
O-O 9. h3 d4 10. Nxe4 Nxe4 11. dxe4 dxe3 12. Bxe3 Qxd1+ 13. Rxd1 Bxe3 14. fxe3
Bb7 15. Rd4 Rfe8 16. Kf2 c5 17. Rc4 Re5 18. Nf3 Bxe4 19. Nxe5 f6 20. Nf3 f5 21.
Rxc5 c6 22. Rd1 h6 23. Rd7 a5 24. a4 Rb8 25. Rxa5 Bxc2 26. Raa7 Bxb3 27. Rxg7+
Kf8 28. a5 Bd5 29. Rh7 Kg8 30. Rxh6 Bf7 31. Rxc6 Kf8 32. Rf6 1-0

[Event "Challenge"]
[Site "http://www.queenalice.com/game.php?id=1254168"]
[Date "2014.2.6"]
[Round "-"]
[White "Cavalier64"]
[Black "armandosf"]
[Result "1-0"]
[WhiteElo "2058"]
[BlackElo "1749"]

1. e4 b6 2. Nf3 Bb7 3. Nc3 c6 4. d4 e6 5. Bd3 Bb4 6. O-O Nf6 7. Bg5 Be7 8. Qe2
Qc7 9. e5 Nd5 10. Nxd5 cxd5 11. Bxe7 Kxe7 12. Nd2 Nc6 13. c3 h6 14. Rac1 Raf8
15. Qg4 Rfg8 16. f4 f5 17. Qg6 Qd8 18. Nf3 Qf8 19. Nh4 1-0

[Event "Challenge"]
[Site "http://www.queenalice.com/game.php?id=1256650"]
[Date "2014.2.15"]
[Round "-"]
[White "ggg09"]
[Black "armandosf"]
[Result "1-0"]
[WhiteElo "1867"]
[BlackElo "1713"]

1. e4 e5 2. Nf3 Nc6 3. Bc4 h6 4. d4 exd4 5. Nxd4 Nxd4 6. Qxd4 c6 7. O-O b6 8.
Nc3 Qf6 9. Be3 Bc5 10. Qxf6 Nxf6 11. Bxc5 bxc5 12. Rad1 O-O 13. h3 Rb8 14. b3
Rd8 15. e5 Nh7 16. Ne4 d5 17. exd6 Be6 18. Bxe6 fxe6 19. Nxc5 Nf8 20. Rfe1 Kf7
21. Re3 Rb5 22. Re5 Kf6 23. Rde1 1-0

[Event "Challenge"]
[Site "http://www.queenalice.com/game.php?id=1256651"]
[Date "2014.2.15"]
[Round "-"]
[White "armandosf"]
[Black "ggg09"]
[Result "0-1"]
[WhiteElo "1698"]
[BlackElo "1877"]

1. e4 e6 2. Nf3 c5 3. g3 Nc6 4. c4 Nf6 5. Nc3 d5 6. e5 Ng4 7. cxd5 exd5 8. d4
cxd4 9. Na4 Ngxe5 10. Bg2 Bg4 11. O-O Qf6 12. Bf4 b5 13. h3 Bh5 14. Re1 Bd6 15.
Qb3 Ne7 16. Qxb5+ Kf8 17. Nxe5 Bxe5 18. Bxe5 Qc6 19. Qb4 Qc4 20. Qa3 Re8 21. Bd6
Be2 22. Rac1 Qd3 23. b3 Qb5 0-1

[Event "Vamos jogar?"]
[Site "http://www.queenalice.com/game.php?id=1265801"]
[Date "2014.3.17"]
[Round "-"]
[White "hdlp"]
[Black "armandosf"]
[Result "1-0"]
[WhiteElo "1728"]
[BlackElo "1670"]

1. e4 e5 2. Nf3 d6 3. Bc4 a6 4. d4 exd4 5. Qxd4 Nc6 6. Qc3 d5 7. Bxd5 Bd7 8. Ng5
Bb4 9. Qxb4 Nxb4 10. Bb3 Bg4 11. O-O Bh5 12. Nc3 Ne7 13. a3 Nbc6 14. Bf4 O-O 15.
h3 1-0

[Event "Let's Play Chess!"]
[Site "http://www.queenalice.com/game.php?id=1444394"]
[Date "2016.10.7"]
[Round "-"]
[White "chessplayer123"]
[Black "armandosf"]
[Result "1-0"]
[WhiteElo "1826"]
[BlackElo "1663"]

1. e4 e5 2. Nf3 d6 3. Bc4 Nf6 4. c3 a6 5. O-O g6 6. d3 Bg7 7. Be3 h6 8. Nbd2 Nc6
9. Bb3 b6 10. Re1 a5 11. Nf1 Bb7 12. Ng3 Qe7 13. d4 Rd8 14. d5 Na7 15. c4 O-O
16. a4 Nc8 17. Rb1 Ng4 18. Bd2 c5 19. Qc1 Kh7 20. Bc2 Qf6 21. b3 Rh8 22. Bc3
Rde8 23. h3 h5 24. hxg4 hxg4 25. Nd2 Qh4 26. Ndf1 Kg8 27. Bd1 Bh6 28. Bd2 g5 29.
Nf5 Qh5 30. N1g3 Qg6 31. Bxg4 Ne7 32. Kf1 Nxf5 33. Bxf5 Qf6 34. Ke2 Qd8 35. Rh1
f6 36. Kd3 Kf7 37. Kc3 Bc8 38. Bxc8 Qxc8 39. Nf5 Qd7 40. Rxh6 Rxh6 41. Nxh6+ Kg6
42. Nf5 Rh8 43. g3 Kf7 44. Be3 Ke8 45. Qd1 Kd8 46. Qe2 Kc7 47. Rf1 Qf7 48. Qe1
g4 49. Rh1 Rh3 50. Rxh3 gxh3 51. Qh1 Qh5 52. Nh4 Qg4 53. Nf5 Qh5 54. Qh2 Qg4 55.
Nh6 Qh5 56. Ng8 Qh8 57. Nxf6 Qxf6 58. Qxh3 Qf7 59. Qf5 Qxf5 60. exf5 Kd7 61. Bg5
Ke8 62. f6 Kf7 63. Bh4 Kg6 64. Kd3 Kf7 65. Ke4 Kg6 66. f3 Kf7 67. Kf5 Kf8 68.
Ke6 e4 69. fxe4 b5 70. Kxd6 b4 71. Kxc5 1-0

[Event "AUTO-OPEN-3713"]
[Site "http://www.queenalice.com/game.php?id=1444732"]
[Date "2016.10.8"]
[Round "1"]
[White "ALDROB"]
[Black "armandosf"]
[Result "1/2-1/2"]
[WhiteElo "1887"]
[BlackElo "1633"]

1. c4 Nf6 2. d4 d6 3. Nc3 Bd7 4. Nf3 e6 5. e4 h6 6. Bd3 c6 7. O-O g6 8. Qc2 Be7
9. e5 Ng8 10. Bxg6 d5 11. Bxf7+ Kxf7 12. b3 Bg5 13. Ba3 b6 14. cxd5 cxd5 15. Nd2
a6 16. f4 Be7 17. Bb2 Qc8 18. Rac1 Ra7 19. g4 Bh4 20. f5 Ke8 21. f6 Kf7 22. Nf3
Bg5 23. Nxg5+ hxg5 24. Qd2 Qf8 25. Qxg5 Qh6 26. Qxh6 Rxh6 27. g5 Rg6 28. h4 Nc6
29. Ne2 Nh6 30. Kh2 Nf5 31. Nf4 Nxh4 32. Nxg6 Nxg6 33. Rf3 Ra8 34. Rh3 Rh8 35.
Rxh8 Nxh8 36. Rg1 Kg6 37. Rg3 Nd8 38. Rh3 Ndf7 39. Bc1 b5 40. a3 a5 41. Rc3 Be8
42. Rc7 a4 43. b4 Kf5 44. Re7 Bc6 45. Rc7 Be8 46. Rc8 Bd7 47. Rc7 Be8 1/2-1/2

[Event "AUTO-OPEN-3713"]
[Site "http://www.queenalice.com/game.php?id=1444733"]
[Date "2016.10.8"]
[Round "1"]
[White "armandosf"]
[Black "ALDROB"]
[Result "1/2-1/2"]
[WhiteElo "1620"]
[BlackElo "1885"]

1. e4 e5 2. b3 Nc6 3. Bb2 f6 4. h3 Bc5 5. Nf3 d6 6. a3 a5 7. Bb5 Bd7 8. O-O Qc8
9. d3 Bxh3 10. Bxc6+ bxc6 11. Nh4 Bg4 12. Qd2 Qe6 13. d4 Bb6 14. Qd3 O-O-O 15.
b4 Ne7 16. bxa5 Bxa5 17. Qa6+ Kd7 18. Qxa5 g5 19. d5 cxd5 20. Qb5+ c6 21. Qb7+
Ke8 22. Nf5 Nxf5 23. Qxc6+ Ke7 24. exf5 Bxf5 25. Nc3 h5 26. Nxd5+ Kf7 27. c4 h4
28. Nc7 Qd7 29. Qd5+ Kg6 30. Nb5 h3 31. gxh3 Rxh3 32. Nxd6 Be6 33. Qe4+ Bf5 34.
Nxf5 Qxf5 35. Rae1 Rdh8 36. Qxf5+ Kxf5 37. c5 Rh1+ 38. Kg2 R8h2+ 39. Kg3 Rh3+
40. Kg2 R1h2+ 41. Kg1 Rh1+ 42. Kg2 R1h2+ 43. Kg1 Rh1+ 44. Kg2 1/2-1/2

[Event "AUTO-OPEN-3713"]
[Site "http://www.queenalice.com/game.php?id=1444758"]
[Date "2016.10.8"]
[Round "1"]
[White "brunokmt"]
[Black "armandosf"]
[Result "0-1"]
[WhiteElo "1860"]
[BlackElo "1644"]

1. e4 e5 2. Nf3 d6 3. d4 Qe7 4. Bb5+ Bd7 5. Bxd7+ Nxd7 6. Bg5 f6 7. Be3 O-O-O 8.
c4 Kb8 9. d5 Nc5 10. b4 Na6 11. b5 Nc5 12. O-O Nxe4 13. Qa4 b6 14. Nbd2 Nc5 15.
Bxc5 dxc5 16. Ne4 g5 17. Rfd1 Qd7 18. Rab1 Qg4 19. Ng3 Bd6 20. Re1 h5 21. h3 Qc8
22. Ne4 h4 23. Nxd6 cxd6 24. Rb3 Rh7 25. Ra3 g4 26. Qxa7+ Rxa7 27. Nxh4 Rxa3 0-1

[Event "AUTO-OPEN-3713"]
[Site "http://www.queenalice.com/game.php?id=1444774"]
[Date "2016.10.8"]
[Round "1"]
[White "charles"]
[Black "armandosf"]
[Result "1-0"]
[WhiteElo "1980"]
[BlackElo "1667"]

1. e4 e5 2. Nf3 d6 3. Bc4 Nf6 4. Ng5 Be6 5. Bxe6 fxe6 6. Nxe6 Qe7 7. Ng5 Nc6 8.
d3 O-O-O 9. O-O h6 10. Nf3 Kb8 11. b3 Rh7 12. c4 Nd4 13. a4 Rd7 14. Nc3 a6 15.
a5 g5 16. h3 Qe6 17. Be3 c5 18. Nd5 Nxd5 19. exd5 Qf5 20. Ra4 Rhf7 21. Bxd4 exd4
22. b4 Bg7 23. bxc5 dxc5 24. Ra3 h5 25. Rb3 Rd6 26. Qd2 Qf4 27. Qe2 h4 28. Nxg5
Be5 29. Nf3 Rf5 30. Re1 Bf6 31. Qe8+ Kc7 32. Reb1 b5 33. axb6+ Kb7 34. Qf7+ Kb8
35. Qc7+ Ka8 36. b7+ Ka7 37. b8=Q# 1-0

[Event "AUTO-OPEN-3713"]
[Site "http://www.queenalice.com/game.php?id=1444775"]
[Date "2016.10.8"]
[Round "1"]
[White "armandosf"]
[Black "charles"]
[Result "0-1"]
[WhiteElo "1654"]
[BlackElo "1983"]

1. e4 e5 2. Nf3 Nc6 3. g3 Nf6 4. Bg2 Nxe4 5. O-O d6 6. h3 Nf6 7. d3 Be7 8. Be3
O-O 9. a3 d5 10. Re1 Be6 11. Qd2 e4 12. Nd4 Nxd4 13. Bxd4 Qd7 14. Kh2 c5 15. Be5
Rad8 16. dxe4 dxe4 17. Qxd7 Rxd7 18. Bxe4 Nxe4 19. Rxe4 Bf5 20. Re2 Rd1 21. Rd2
Re1 22. Bc3 Rc1 23. Re2 Re8 24. Re1 Rxc2 25. Nd2 b5 26. Rad1 a5 27. Kg1 b4 28.
axb4 axb4 29. Be5 f6 30. Bd6 Kf7 31. Ne4 Bxe4 32. Rxe4 Bxd6 33. Rxe8 Kxe8 34.
Rxd6 Rxb2 35. Rd1 c4 36. Kf1 c3 37. Ke1 c2 38. Kd2 cxd1=Q+ 39. Kxd1 Rxf2 40. Ke1
Rf3 41. h4 Rxg3 42. Kf2 Ra3 43. h5 b3 0-1

[Event "QUE BURRADAS EU FIZ! II"]
[Site "http://www.queenalice.com/game.php?id=1445995"]
[Date "2016.10.16"]
[Round "-"]
[White "zubarev"]
[Black "armandosf"]
[Result "1-0"]
[WhiteElo "1967"]
[BlackElo "1671"]

1. d4 d5 2. Nc3 e6 3. e4 dxe4 4. Nxe4 Bd6 5. Nf3 h6 6. Bd3 a6 7. Be3 Nf6 8. O-O
O-O 9. Rc1 Bd7 10. Ne1 e5 11. f4 exf4 12. Bxf4 Bxf4 13. Rxf4 Bc6 14. Nxf6+ gxf6
15. Qg4+ Kh8 16. Qf5 Be4 17. Bxe4 Qxd4+ 18. Kh1 Qxe4 19. Qxe4 Nd7 20. Rh4 Kg7
21. Qg4+ Kh8 22. Rxh6# 1-0